<?xml version="1.0" encoding="UTF-8"?>
<marc:record xmlns:marc="http://www.loc.gov/MARC21/slim">
   <marc:leader>00000nam a2200000 a 4500</marc:leader>
   <marc:datafield ind1="1" ind2=" " tag="100">
      <marc:subfield code="a">King, Stephen</marc:subfield>
      <marc:subfield code="4">aut</marc:subfield>
      <marc:subfield code="e">Verfasser/-in</marc:subfield>
   </marc:datafield>
   <marc:datafield ind1=" " ind2=" " tag="653">
      <marc:subfield code="a">Thriller</marc:subfield>
   </marc:datafield>
   <marc:datafield ind1="0" ind2="0" tag="245">
      <marc:subfield code="a">Holly</marc:subfield>
   </marc:datafield>
   <marc:datafield ind1="0" ind2="0" tag="245">
      <marc:subfield code="b">Thriller</marc:subfield>
   </marc:datafield>
   <marc:datafield ind1="0" ind2="0" tag="245">
      <marc:subfield code="c">King, Stephen</marc:subfield>
   </marc:datafield>
   <marc:datafield ind1=" " ind2="1" tag="264">
      <marc:subfield code="a">Bratislava</marc:subfield>
      <marc:subfield code="b">Ikar, a.s.</marc:subfield>
      <marc:subfield code="c">2024</marc:subfield>
   </marc:datafield>
   <marc:datafield ind1=" " ind2=" " tag="250">
      <marc:subfield code="a">1. vydanie</marc:subfield>
   </marc:datafield>
   <marc:datafield ind1="1" ind2=" " tag="520">
      <marc:subfield code="a">Vesmír vám občas hodí lano.&#xD;
&#xD;
Holly Gibneyová sa vracia a má za sebou dlhú cestu. Z ostýchavej, ale odvážnej samotárky sa stala najprv partnerka v detektívnej agentúre Billa Hodgesa a nakoniec úplne samostatná, bystrá a občas aj poriadne drsná súkromná vyšetrovateľka. V novom Kingovom románe musí celkom sama čeliť dvom nepredstaviteľne zvrhlým a geniálne nenápadným protivníkom.&#xD;
Keď sa Penny Dahlová obráti na detektívnu agentúru Stratení nájdení s nádejou, že vypátrajú jej nezvestnú dcéru, Holly nie je veľmi naklonená prípad prijať. Jej kolega Pete dostal covid, nedávno jej zomrela matka, s ktorou mala komplikovaný vzťah, a čaká ju dlho plánovaná dovolenka. Niečo v zúfalom hlase Penny Dahlovej jej však nedovolí odmietnuť.&#xD;
Len niekoľko blokov od miesta, kde Bonnie Dahlová zmizla, bývajú vysokoškolskí profesori Rodney a Emily Harrisovci. Týchto uznávaných osemdesiatročných akademikov spája v celoživotnom manželstve oddaná láska, ale aj temné tajomstvo. Čo sa skrýva za stenami ich suterénu a ako to súvisí s Bonnie?&#xD;
Na rozlúsknutie tohto ťažkého orieška musí Holly vynaložiť všetku svoju trpezlivosť a inteligenciu, inak jej hrozí nebezpečenstvo.</marc:subfield>
   </marc:datafield>
   <marc:datafield ind1=" " ind2=" " tag="020">
      <marc:subfield code="a">9788055195643</marc:subfield>
      <marc:subfield code="9">9788055195643</marc:subfield>
   </marc:datafield>
   <marc:datafield ind1=" " ind2=" " tag="338">
      <marc:subfield code="a">Band</marc:subfield>
   </marc:datafield>
   <marc:datafield ind1=" " ind2=" " tag="300">
      <marc:subfield code="a">504 Seiten</marc:subfield>
   </marc:datafield>
</marc:record>
